Study of auction as a marketing mechanism for forest products : With special reference to timber and firewood in Maharashtra state (Record no. 20999)

MARC details
000 -LEADER
fixed length control field 00704nam a2200229Ia 4500
082 ## - DEWEY DECIMAL CLASSIFICATION NUMBER
Classification number TM.0058
100 ## - MAIN ENTRY--AUTHOR NAME
Personal name Maslekar, A.R.
245 #0 - TITLE STATEMENT
Title Study of auction as a marketing mechanism for forest products : With special reference to timber and firewood in Maharashtra state
260 ## - PUBLICATION, DISTRIBUTION, ETC. (IMPRINT)
Year of publication 1981
Name of publisher Gujarat University
300 ## - PHYSICAL DESCRIPTION
Number of Pages 272p. + C D -26
650 ## - SUBJECT ADDED ENTRY--TOPICAL TERM
Topical Term FUEL///WOOD AS FUEL
650 ## - SUBJECT ADDED ENTRY--TOPICAL TERM
Topical Term FOREST PRODUCTS///TIMBER
650 ## - SUBJECT ADDED ENTRY--TOPICAL TERM
Topical Term AUCTIONS - INDIA
650 ## - SUBJECT ADDED ENTRY--TOPICAL TERM
Topical Term WOOD///TIMBER
650 ## - SUBJECT ADDED ENTRY--TOPICAL TERM
Topical Term FOREST PRODUCTS - MARKETING
650 ## - SUBJECT ADDED ENTRY--TOPICAL TERM
Topical Term FIREWOOD//WOOD AS FUEL
650 ## - SUBJECT ADDED ENTRY--TOPICAL TERM
Topical Term WOOD AS FUEL
650 ## - SUBJECT ADDED ENTRY--TOPICAL TERM
Topical Term TIMBER
650 ## - SUBJECT ADDED ENTRY--TOPICAL TERM
Topical Term FORESTS AND FORESTRY///TIMBER
710 ## - ADDED ENTRY--CORPORATE NAME
Corporate name or jurisdiction name as entry element Kacker, M.P.
942 ## - ADDED ENTRY ELEMENTS (KOHA)
Koha item type Thesis
Source of classification or shelving scheme Dewey Decimal Classification
Holdings
Withdrawn status Lost status Damaged status Not for loan Home library Current library Date acquired Bill Date Full call number Accession Number Price effective from Koha item type
        NASSDOC Library NASSDOC Library 08/10/2004 2004-10-22 TM.0058 29461 18/04/2019 Thesis